Opravné položky ako nástroj eliminácie rizík a neistôt v účtovníctve podnikateľov bakalárska práca

Salvato in:
Dettagli Bibliografici
Autore principale: Valachová, Veronika
Ente Autore: Fakulta hospodárskej informatiky EU. Katedra účtovníctva a audítorstva
Altri autori: Kršíková, Veronika, 1986-
Natura: Libro
Lingua:slovacco
Pubblicazione: Bratislava 2012
Tags: Aggiungi Tag
Nessun Tag, puoi essere il primo ad aggiungerne!!

MARC

LEADER 00000nbm a2200000 4500
001 0156392
005 20161109111957.9
041 0 |a slo 
044 |a SK 
245 1 0 |a Opravné položky ako nástroj eliminácie rizík a neistôt v účtovníctve podnikateľov  |b bakalárska práca  |c Veronika Valachová ; školiteľ: Veronika Kršíková 
264 1 |a Bratislava  |c 2012 
300 |a 40 s. 
100 1 |a Valachová, Veronika 
700 1 |a Kršíková, Veronika, 1986- 
710 2 |a Fakulta hospodárskej informatiky EU. Katedra účtovníctva a audítorstva